Chanteurs pour qui a écrit Jean-Jacques Goldman - Mort subite - Statistiques

Statistiques générales
  • Ce quiz a été pris 269 fois
  • Le résultat moyen est 6 sur 30
Answers on the Grid
Answers color-coded by a green-red scale on the quiz's grid according to % correct below.
Amel Bent
Black M
Anne-Marie Batailler
Audrey Sara
Boby Lapointe
Calogero
Carole Frederiks
Céline Dion
Cristophe Willem
Daniel Balavoine
Emile et Images
France Gall
Florent Pagny
Francis Cabrel
Garou
Gérald de Palmas
Gims
Hélène Ségara
Jean-Marie Bigard
Johnny Hallyday
Julie Zenatti
Julien Clerc
Khaled
Laam
Lara Fabian
Les enfoirés
Linkin Park
Liane Foly
Lorie
Princesse Erika
M Pokora
Marc Lavoine
Patrick Sébastien
Michel Berger
Maurane
Maxime Le Forestier
Michael Jones
Michel Sardou
Patrica Kaas
Patrick Bruel
Patrick Fiori
Philippine Lavrey
Phillipe Lavil
Pierre Garnier
Raphael
Roch Voisine
Renan Luce
Yannick Noah
Zazie
Zaz
 
Statistiques - réponses
Réponse % Correct
Céline Dion
68%
Les enfoirés
48%
Johnny Hallyday
47%
Carole Frederiks
40%
Calogero
33%
Florent Pagny
29%
Gérald de Palmas
28%
Patrick Fiori
28%
Garou
26%
Khaled
26%
Michael Jones
25%
Patrica Kaas
20%
Amel Bent
19%
Zaz
15%
Hélène Ségara
12%
Marc Lavoine
12%
Yannick Noah
12%
Anne-Marie Batailler
11%
Cristophe Willem
11%
Jean-Marie Bigard
11%
Julie Zenatti
9%
Maurane
9%
Laam
8%
Liane Foly
8%
Lorie
8%
Emile et Images
6%
Roch Voisine
6%
Maxime Le Forestier
5%
Audrey Sara
4%
Phillipe Lavil
4%
Aucun quiz correspondant
Distribution des résultats
% des personnes avec chaque résultat
Percentile par nombre de réponses
Votre historique - résultats
Vous n’avez pas pris ce quiz